NAJBARDZIEJ ZNIENAWIDZONE PRZEZ DZIECI PRZEDMIOTY SZKOLNE - Statystyki

Ogólne statystyki
  • Ten quiz został rozwiązany 2 304 razy
    2 101 od ostatniego zresetowania
  • Średni wynik to 6 z 7
Statystyki odpowiedzi
Liczba Odpowiedzi % Poprawnych
1. Matematyka
99%
4. Chemia
93%
3. Fizyka
92%
6. Polski
90%
7. Angielski
86%
2. Historia
84%
5. Niemiecki
75%
Nie znaleziono quizów pasujących do podanych kryteriów
Rozkład punktacji
Procent ludzi z każdym wynikiem
Percentyl według liczby udzielonych odpowiedzi
Twoja historia wyników
Nie rozwiązałeś tego quizu od ostatniego zresetowania